Normal view
MARC view
- Intellectual property infringement
Entry Topical Term
001 - CONTROL NUMBER
- control field: 26388
003 - CONTROL NUMBER IDENTIFIER
- control field: IN-BhIIT
005 - DATE AND TIME OF LATEST TRANSACTION
- control field: 20250911181543.0
008 - FIXED-LENGTH DATA ELEMENTS
- fixed length control field: 250911|| aca||aabn | a|a d
040 ## - CATALOGING SOURCE
- Original cataloging agency: IN-BhIIT
- Transcribing agency: IN-BhIIT
150 ## - HEADING--TOPICAL TERM
- Topical term or geographic name entry element: Intellectual property infringement
- Geographic subdivision: United States
670 ## - SOURCE DATA FOUND
- Source citation: Work cat.: (IN-BhIIT)14694: Blair, Roger D. Author 26386, Intellectual property :, 2005.